000 00478nam a22001217a 4500
082 _a303.482
_bBEI
245 _aBeijing Forum Islamabad (BFI) May 24-26, 2016 Proceeding:
_bThe Harmony of Civilizations and Prosperity for All-China and Pakistan in the Community of common Destiny for all Mankind /
260 _aIslamabad :
_bGTTN NUST Forum,
_c2016.
300 _a263p. ;
_c28 cm.
700 _aby GTTN
_990207
942 _2ddc
_cBK
999 _c588569
_d588569